[Event "II Open A"]
[Site "Gioiosa Marea ITA"]
[Date "1996.09.??"]
[Round "?"]
[White "Gaeta, Michele"]
[Black "Napoli Costa, Aurelio"]
[Result "1/2-1/2"]
[WhiteElo "1971"]
[BlackElo "2043"]
[PlyCount "90"]
[EventDate "1996.09.01"]

1. d4 Nf6 2. Nf3 g6 3. c4 Bg7 4. Nc3 d5 5. cxd5 Nxd5 6. e4 Nxc3 7. bxc3 O-O 8.
Bc4 c5 9. O-O Nc6 10. Be3 Bg4 11. Rb1 cxd4 12. cxd4 Nxd4 13. Bxd4 Bxf3 14. gxf3
Bxd4 15. Rxb7 Qc8 16. Bd5 Be5 17. Rxe7 Bf4 18. Bxf7+ Rxf7 19. Qd5 Qe8 20. Rxf7
Qxf7 21. Qxa8+ Kg7 22. Qd5 Qe7 23. Rb1 Qh4 24. Qd7+ Kh6 25. h3 Be3 26. Qg4
Qxf2+ 27. Kh1 Bb6 28. Rd1 Bc7 29. Qg2 Qh4 30. Rf1 Qf4 31. Rd1 Qh4 32. Kg1 Bb6+
33. Kf1 Bc7 34. Qg4 Qf6 35. h4 Bf4 36. Re1 Qe5 37. Re2 Qa1+ 38. Kg2 Qe5 39. Qd7
a5 40. a4 Qf6 41. Kh3 Bd6 42. Qg4 Bf4 43. Rc2 Qd6 44. Rb2 Qc7 45. Rb5 Qc1
1/2-1/2

[Event "II Open A"]
[Site "Gioiosa Marea ITA"]
[Date "1996.09.??"]
[Round "?"]
[White "Martorelli, Antonio"]
[Black "De Santis, Alessio"]
[Result "1/2-1/2"]
[WhiteElo "2325"]
[BlackElo "2320"]
[PlyCount "86"]
[EventDate "1996.09.01"]

1. e4 d6 2. d4 Nf6 3. Nc3 c6 4. f4 Qa5 5. Bd3 e5 6. Nf3 Bg4 7. Be3 Nbd7 8. Qd2
Bxf3 9. gxf3 Be7 10. a3 a6 11. O-O Nh5 12. b4 Qc7 13. dxe5 dxe5 14. f5 b5 15.
Kh1 Nf4 16. Rg1 g5 17. a4 O-O 18. Bxf4 exf4 19. e5 Nxe5 20. f6 Bxf6 21. Qxf4
Bd8 22. Bf5 Ng6 23. Qxc7 Bxc7 24. Rxg5 Bf4 25. Rg4 Be5 26. Ra3 Kh8 27. Ne2 Rfd8
28. f4 Bd6 29. c3 c5 30. axb5 axb5 31. Rxa8 Rxa8 32. bxc5 Bxc5 33. Bd3 Rb8 34.
h4 b4 35. h5 Ne7 36. Rg5 f5 37. cxb4 Bxb4 38. Kg2 h6 39. Rg3 Rg8 40. Rxg8+ Kxg8
41. Nd4 Bc3 42. Nb5 Bd2 43. Kf3 Kg7 1/2-1/2

[Event "II Open A"]
[Site "Gioiosa Marea ITA"]
[Date "1996.09.??"]
[Round "?"]
[White "Martorelli, Antonio"]
[Black "Gaeta, Michele"]
[Result "1-0"]
[WhiteElo "2325"]
[BlackElo "1971"]
[PlyCount "21"]
[EventDate "1996.09.01"]

1. e4 c5 2. Nf3 Nc6 3. Bb5 g6 4. c3 Bg7 5. d4 cxd4 6. cxd4 Qc7 7. Nc3 a6 8. Ba4
Nf6 9. Nd5 Qd8 10. Bf4 d6 11. Qc1 1-0

[Event "II Open A"]
[Site "Gioiosa Marea ITA"]
[Date "1996.09.??"]
[Round "?"]
[White "Martorelli, Antonio"]
[Black "Naumkin, Igor"]
[Result "1/2-1/2"]
[WhiteElo "2325"]
[BlackElo "2430"]
[PlyCount "20"]
[EventDate "1996.09.01"]

1. c4 e5 2. Nc3 Nf6 3. Nf3 Nc6 4. g3 Bb4 5. Bg2 O-O 6. O-O e4 7. Ne1 Bxc3 8.
dxc3 h6 9. Nc2 d6 10. Ne3 Re8 1/2-1/2

[Event "II Open A"]
[Site "Gioiosa Marea ITA"]
[Date "1996.09.??"]
[Round "?"]
[White "Martorelli, Antonio"]
[Black "Pascarelli, Andrea"]
[Result "1-0"]
[WhiteElo "2325"]
[BlackElo "1848"]
[PlyCount "129"]
[EventDate "1996.09.01"]

1. e4 e5 2. Bc4 Nf6 3. d3 Bc5 4. Nf3 d6 5. c3 Qe7 6. Nbd2 O-O 7. O-O Nc6 8. b4
Bb6 9. a4 a5 10. b5 Nd8 11. Ba3 Bg4 12. h3 Bxf3 13. Nxf3 Nd7 14. Re1 Qf6 15. d4
Re8 16. Bf1 Ne6 17. Bb2 Nf4 18. g3 Ng6 19. Rb1 Rad8 20. h4 Ngf8 21. Bh3 h6 22.
Kg2 Ne6 23. Rc1 Kh8 24. Rc2 Rg8 25. Rd2 Qe7 26. Qb3 g5 27. Bxe6 fxe6 28. hxg5
hxg5 29. dxe5 g4 30. Nd4 Bxd4 31. exd6 cxd6 32. cxd4 Rgf8 33. Qe3 Kg7 34. Rh1
Rh8 35. Rdd1 Rdf8 36. Rxh8 Rxh8 37. Qf4 Nf6 38. Ba3 Kg6 39. Bxd6 Qh7 40. Kf1
Qh1+ 41. Ke2 Qxe4+ 42. Qxe4+ Nxe4 43. Be5 Nc3+ 44. Kd3 Nxd1 45. Bxh8 Nb2+ 46.
Ke4 Nxa4 47. d5 exd5+ 48. Kxd5 Nb6+ 49. Kc5 Nd7+ 50. Kd6 Nf6 51. Ke6 Ne8 52.
Be5 a4 53. b6 a3 54. Ke7 Ng7 55. Kd7 a2 56. Kc8 Ne8 57. Kxb7 Kf5 58. Ba1 Nd6+
59. Kc6 Nc4 60. b7 Na5+ 61. Kc7 Nxb7 62. Kxb7 Ke4 63. Kc6 Kf3 64. Bd4 Ke4 65.
Kc5 1-0

[Event "II Open A"]
[Site "Gioiosa Marea ITA"]
[Date "1996.09.??"]
[Round "?"]
[White "Martorelli, Antonio"]
[Black "Scattareggia, Domenico"]
[Result "1-0"]
[WhiteElo "2325"]
[BlackElo "1911"]
[PlyCount "87"]
[EventDate "1996.09.01"]

1. e4 c5 2. Nf3 Nc6 3. d4 cxd4 4. Nxd4 d6 5. Nc3 Nf6 6. Bc4 e6 7. Be3 Be7 8.
Qe2 Bd7 9. O-O-O a6 10. Bb3 Rc8 11. f4 Na5 12. e5 Nxb3+ 13. Nxb3 dxe5 14. fxe5
Rxc3 15. bxc3 Nd5 16. Bd4 Qc7 17. c4 Nb4 18. a3 Nc6 19. Bb2 O-O 20. h4 Rc8 21.
Rh3 Be8 22. Rg3 Na5 23. Qg4 Bf8 24. Nd2 b5 25. Ne4 Nxc4 26. Bc3 Nxa3 27. Rd2
Nc4 28. Nf6+ Kh8 29. Qh5 gxf6 30. Qg4 Ba3+ 31. Kd1 Ne3+ 32. Rxe3 f5 33. Qf4 Bc6
34. Rg3 Be7 35. Bb4 Bd5 36. Bd6 Qd7 37. Qh6 Rg8 38. Rdd3 Rg6 39. Qf4 Qe8 40.
Bxe7 Qxe7 41. h5 Rxg3 42. Rxg3 Qc5 43. h6 Be4 44. Rg8+ 1-0

[Event "II Open A"]
[Site "Gioiosa Marea ITA"]
[Date "1996.09.??"]
[Round "?"]
[White "Mazzarone, Maurizio"]
[Black "Aleksic, Nenad"]
[Result "0-1"]
[WhiteElo "1911"]
[BlackElo "2425"]
[PlyCount "98"]
[EventDate "1996.09.01"]

1. d4 Nf6 2. Nf3 b6 3. Bf4 Ba6 4. Nbd2 e6 5. c4 Bb7 6. e3 Be7 7. Bd3 d6 8. h3
Nbd7 9. Qe2 c5 10. O-O Qc7 11. Bh2 O-O 12. a4 Bc6 13. Ng5 Qb7 14. f3 Rad8 15.
Nge4 Nxe4 16. Nxe4 Nf6 17. Nc3 cxd4 18. exd4 d5 19. Rfd1 dxc4 20. Bxc4 Nd5 21.
Nxd5 Bxd5 22. Rac1 Bd6 23. Bxd6 Rxd6 24. Ba6 Qe7 25. Rc3 Bb7 26. Bxb7 Qxb7 27.
Qe5 Rd5 28. Qc7 Qa6 29. Qc4 Qa5 30. Kf2 Rfd8 31. Rdc1 h6 32. Rd3 b5 33. axb5
Rxb5 34. Rc2 Qb6 35. Qc3 Rbd5 36. Rcd2 e5 37. Kf1 exd4 38. Qb3 Qd6 39. Kg1 Qg3
40. Re2 Rc5 41. Rd1 Rg5 42. Kh1 Re5 43. Qc4 Rxe2 44. Qxe2 Qg6 45. Qe7 Qb6 46.
Rc1 d3 47. Rc7 Qd4 48. Qxf7+ Kh8 49. Rc4 Qxc4 0-1

[Event "II Open A"]
[Site "Gioiosa Marea ITA"]
[Date "1996.09.??"]
[Round "?"]
[White "Mazzarone, Maurizio"]
[Black "Alfarone, Giovanni"]
[Result "1-0"]
[WhiteElo "1911"]
[BlackElo "1942"]
[PlyCount "91"]
[EventDate "1996.09.01"]

1. d4 d6 2. Nf3 g6 3. Bf4 Bg7 4. e3 Nf6 5. h3 O-O 6. Be2 Nbd7 7. O-O Re8 8. c3
b6 9. Qb3 Bb7 10. a4 a6 11. c4 a5 12. Nc3 Ne4 13. Nxe4 Bxe4 14. Rad1 e5 15. Bg3
exd4 16. exd4 h6 17. Rfe1 Qc8 18. Nh2 Qb7 19. Bf3 Bxf3 20. Nxf3 Re4 21. Rxe4
Qxe4 22. Re1 Qf5 23. Qe3 Nf6 24. Qe7 Re8 25. Qxc7 Rxe1+ 26. Nxe1 Ne4 27. Qxb6
Nxg3 28. fxg3 Qb1 29. Kf1 Qd1 30. Qxa5 Bxd4 31. Qd8+ Kg7 32. Qxd6 Qd2 33. Qf4
Qxb2 34. Qf3 Qb4 35. Qd3 Qb2 36. Qe2 Qa1 37. c5 Bc3 38. Qe4 Bd4 39. c6 Qxa4 40.
c7 Qa6+ 41. Qd3 Qf6+ 42. Nf3 Bb6 43. c8=Q Qa1+ 44. Ne1 Qf6+ 45. Qf3 Qd4 46.
Qcc3 1-0

[Event "II Open A"]
[Site "Gioiosa Marea ITA"]
[Date "1996.09.??"]
[Round "?"]
[White "Mazzarone, Maurizio"]
[Black "Cappadona, Salvatore"]
[Result "1/2-1/2"]
[WhiteElo "1911"]
[BlackElo "1916"]
[PlyCount "141"]
[EventDate "1996.09.01"]

1. d4 Nf6 2. Nf3 d5 3. Bf4 e6 4. e3 Be7 5. Bd3 Nbd7 6. Nbd2 c5 7. c3 b6 8. Ne5
Nxe5 9. Bxe5 Bd7 10. O-O Bc6 11. Qf3 Bd6 12. Bg3 c4 13. Bc2 b5 14. a3 Qd7 15.
Rfe1 a5 16. e4 Bxg3 17. hxg3 O-O-O 18. exd5 Bxd5 19. Ne4 Nxe4 20. Bxe4 Qb7 21.
Qf4 Rhe8 22. Re3 Bxe4 23. Rxe4 Rd5 24. Rae1 Red8 25. Re5 Qc7 26. Qg4 g6 27. Qg5
h5 28. Qf6 R8d7 29. f4 Qd8 30. Qxd8+ Rxd8 31. Kf2 Kc7 32. Kf3 Kc6 33. g4 b4 34.
gxh5 bxc3 35. bxc3 gxh5 36. Rb1 Rg8 37. g3 Rxe5 38. fxe5 f5 39. a4 Rg4 40. Rb5
h4 41. gxh4 Rxh4 42. Rc5+ Kb6 43. Rxc4 Rh1 44. Rc8 Rc1 45. Ke3 Kb7 46. Kd2 Rb1
47. Re8 Rb6 48. Kd3 Ka7 49. Re7+ Kb8 50. Kc4 Rc6+ 51. Kb5 Rxc3 52. Rxe6 f4 53.
Rf6 f3 54. e6 Kc7 55. Kxa5 Kd6 56. Kb4 Re3 57. Kc4 Ke7 58. Rf4 Kxe6 59. a5 Kd6
60. Rf5 Ke6 61. Rf4 Kd6 62. Kb4 Kc6 63. Rf6+ Kd5 64. Rf4 Rd3 65. Kb5 Rb3+ 66.
Ka6 Kc4 67. Ka7 Kd5 68. a6 Kc4 69. Ka8 Kd5 70. a7 Kc4 71. Rxf3 1/2-1/2

[Event "II Open A"]
[Site "Gioiosa Marea ITA"]
[Date "1996.09.??"]
[Round "?"]
[White "Mazzarone, Maurizio"]
[Black "Scattareggia, Domenico"]
[Result "1-0"]
[WhiteElo "1911"]
[BlackElo "1911"]
[PlyCount "57"]
[EventDate "1996.09.01"]

1. d4 d5 2. Nf3 Nf6 3. Bf4 e6 4. e3 c5 5. c3 a6 6. Nbd2 Nc6 7. Bd3 Be7 8. Ne5
Bd7 9. O-O Rc8 10. g4 h6 11. Bg3 Qb6 12. Rb1 Bd8 13. Kh1 Nxe5 14. Bxe5 Bc6 15.
f4 Bc7 16. Qf3 Kd7 17. g5 hxg5 18. fxg5 Bxe5 19. dxe5 Rh4 20. gxf6 g5 21. Qg3
Rch8 22. Rf2 g4 23. Kg1 c4 24. Bf1 Qa5 25. Rd1 Qxa2 26. Nxc4 Qb3 27. Rd4 Kc7
28. Nd6 R8h7 29. Nxf7 1-0

[Event "II Open A"]
[Site "Gioiosa Marea ITA"]
[Date "1996.09.??"]
[Round "?"]
[White "Militello, Vincenzo"]
[Black "Cappadona, Salvatore"]
[Result "0-1"]
[WhiteElo "1815"]
[BlackElo "1916"]
[PlyCount "116"]
[EventDate "1996.09.01"]

1. c4 Nf6 2. Nc3 c5 3. Nf3 d5 4. cxd5 Nxd5 5. g3 Nc6 6. Bg2 g6 7. d3 Bg7 8. Bd2
O-O 9. O-O Nxc3 10. Bxc3 e5 11. Rc1 Bg4 12. h3 Be6 13. a3 Qd7 14. Kh2 Rac8 15.
Bd2 Nd4 16. Nxd4 cxd4 17. Bb4 Rxc1 18. Qxc1 Rc8 19. Qd2 b6 20. Rc1 a5 21. Rxc8+
Qxc8 22. Bxa5 bxa5 23. Qxa5 Bb3 24. Qa8 Qxa8 25. Bxa8 Kf8 26. Bc6 Ke7 27. a4
Kd6 28. Be8 Bf8 29. f4 f6 30. fxe5+ fxe5 31. Kg2 Kc7 32. Kf3 Be7 33. e3 Bd5+
34. Kf2 Bc5 35. exd4 Bxd4+ 36. Ke2 Bxb2 37. h4 Bc6 38. Bf7 Bxa4 39. Bg8 h6 40.
Bf7 g5 41. hxg5 hxg5 42. Kf3 Kd6 43. Bg8 Ke7 44. Bd5 Kf6 45. Ke4 Bd4 46. g4 Bd1
47. Be6 Be2 48. Bf5 Ke7 49. Bc8 Kd6 50. Kf5 Bxd3+ 51. Kxg5 e4 52. Bf5 Ke5 53.
Kh4 Kf4 54. Bh7 Bf6+ 55. Kh3 Bf1+ 56. Kh2 e3 57. Kg1 e2 58. Kf2 Bh4+ 0-1

[Event "II Open A"]
[Site "Gioiosa Marea ITA"]
[Date "1996.09.??"]
[Round "?"]
[White "Militello, Vincenzo"]
[Black "De Marco, Ivan"]
[Result "1-0"]
[WhiteElo "1815"]
[BlackElo "1661"]
[PlyCount "123"]
[EventDate "1996.09.01"]

1. c4 c6 2. Nc3 Nf6 3. e4 d6 4. Be2 Nbd7 5. Nf3 Nc5 6. d3 e5 7. O-O Ne6 8. d4
exd4 9. Nxd4 Be7 10. Kh1 O-O 11. f4 Qb6 12. Nf5 Qc7 13. Nxe7+ Qxe7 14. Be3 Nc5
15. Bxc5 dxc5 16. e5 Ne8 17. Bd3 f5 18. Qh5 Be6 19. Rf3 Nc7 20. Rh3 g6 21. Qf3
Rad8 22. b3 Bc8 23. Qf1 Ne6 24. Be2 Nd4 25. Rd3 b5 26. cxb5 cxb5 27. Nxb5 Nxe2
28. Qxe2 Ba6 29. a4 Rxd3 30. Qxd3 Rd8 31. Qc2 Bxb5 32. axb5 Qd7 33. Qxc5 Rc8
34. Qd6 Qb7 35. Qe6+ Kf8 36. Rd1 Qc7 37. Qd5 Qe7 38. g3 Rc5 39. Qd8+ Qxd8 40.
Rxd8+ Ke7 41. Rh8 Rxb5 42. Rxh7+ Kf8 43. Rxa7 Rxb3 44. Kg2 Kg8 45. Kh3 Rb2 46.
Ra1 Kg7 47. Rg1 Rf2 48. Rg2 Rf3 49. Re2 Rd3 50. e6 Rd8 51. e7 Re8 52. g4 fxg4+
53. Kxg4 Kf6 54. Re5 Rxe7 55. Rxe7 Kxe7 56. Kg5 Kf7 57. Kh6 Kf6 58. h4 Kf7 59.
Kh7 Kf6 60. Kg8 Ke6 61. Kg7 Kf5 62. Kf7 1-0

[Event "II Open A"]
[Site "Gioiosa Marea ITA"]
[Date "1996.09.??"]
[Round "?"]
[White "Militello, Vincenzo"]
[Black "Gaeta, Michele"]
[Result "0-1"]
[WhiteElo "1815"]
[BlackElo "1971"]
[PlyCount "82"]
[EventDate "1996.09.01"]

1. c4 c6 2. Nc3 d5 3. cxd5 cxd5 4. d4 Nf6 5. Nf3 Nc6 6. Bf4 Bf5 7. e3 e6 8. Bd3
Bg6 9. O-O Be7 10. Ne5 Nxe5 11. Bxe5 O-O 12. Bxg6 hxg6 13. Qb3 Qd7 14. Rac1
Rac8 15. Rc2 Rc4 16. a3 Rfc8 17. h3 Qc6 18. Rcc1 Ne4 19. Rfd1 b5 20. Ne2 a5 21.
f3 Nd6 22. Qd3 Qb7 23. Qd2 Rxc1 24. Rxc1 Rxc1+ 25. Qxc1 Nc4 26. Bg3 b4 27. a4
b3 28. Be1 Bb4 29. Nc3 Qc6 30. Nb5 Bxe1 31. Qxe1 Nxb2 32. Qxa5 Qc1+ 33. Kf2 Kh7
34. Qd8 Nd3+ 35. Kg3 f6 36. Nd6 Qxe3 37. Kh2 Qf4+ 38. Kg1 b2 39. Qb8 Qc1+ 40.
Kh2 b1=Q 41. Qf8 Qf4+ 0-1

[Event "II Open A"]
[Site "Gioiosa Marea ITA"]
[Date "1996.09.??"]
[Round "?"]
[White "Militello, Vincenzo"]
[Black "Napoli Costa, Aurelio"]
[Result "0-1"]
[WhiteElo "1815"]
[BlackElo "2043"]
[PlyCount "76"]
[EventDate "1996.09.01"]

1. c4 Nf6 2. Nc3 g6 3. Nf3 d5 4. cxd5 Nxd5 5. g3 Bg7 6. Bg2 O-O 7. O-O e5 8. d3
Bg4 9. Nxe5 Nxc3 10. bxc3 Bxe5 11. d4 Bg7 12. Bxb7 Nd7 13. Bxa8 Qxa8 14. f3 Be6
15. e4 c5 16. Kg2 f5 17. d5 Bf7 18. Bb2 Ne5 19. Qe2 c4 20. Rad1 Re8 21. Rfe1
fxe4 22. fxe4 Nd3 23. Rxd3 cxd3 24. Qxd3 Bxd5 25. Kg1 Rxe4 26. Rd1 Bc6 27. Ba3
Qe8 28. Rf1 Re1 29. c4 Re3 30. Qd6 Rxa3 31. Rb1 Qe3+ 32. Kf1 Bg2+ 33. Kxg2
Rxa2+ 34. Kh3 Qh6+ 35. Kg4 Qh5+ 36. Kf4 Bh6+ 37. Ke4 Qf5+ 38. Kd4 Rd2+ 0-1

[Event "II Open A"]
[Site "Gioiosa Marea ITA"]
[Date "1996.09.??"]
[Round "?"]
[White "Munafo', Pietro"]
[Black "Barlov, Dragan"]
[Result "1/2-1/2"]
[WhiteElo "1905"]
[BlackElo "2455"]
[PlyCount "29"]
[EventDate "1996.09.01"]

1. Nf3 c5 2. e4 e6 3. d4 cxd4 4. Nxd4 a6 5. Nc3 Qc7 6. g3 Nf6 7. Bg2 Be7 8. O-O
d6 9. Re1 O-O 10. h3 Nc6 11. a4 Bd7 12. Nb3 b6 13. Bf4 Ne5 14. Nd2 b5 15. Re3
1/2-1/2

[Event "II Open A"]
[Site "Gioiosa Marea ITA"]
[Date "1996.09.??"]
[Round "?"]
[White "Munafo', Pietro"]
[Black "Bonanzinga, Corrado"]
[Result "1-0"]
[WhiteElo "1905"]
[BlackElo "2007"]
[PlyCount "102"]
[EventDate "1996.09.01"]

1. Nf3 Nf6 2. d4 g6 3. g3 Bg7 4. Bg2 O-O 5. O-O d6 6. c4 Nbd7 7. Nc3 c6 8. e4
e5 9. Re1 Re8 10. h3 Qb6 11. d5 Nc5 12. Na4 Nxa4 13. Qxa4 cxd5 14. cxd5 Bd7 15.
Qa3 a5 16. Be3 Qa6 17. Bf1 b5 18. Qd3 Qb7 19. Nd2 Nh5 20. Rac1 f5 21. Rc2 f4
22. gxf4 Nxf4 23. Bxf4 exf4 24. Nf3 Rac8 25. Ree2 Qb6 26. Rxc8 Rxc8 27. Rc2 b4
28. Rxc8+ Bxc8 29. Qc4 Bd7 30. b3 Bf6 31. Bg2 g5 32. e5 dxe5 33. d6+ Kf8 34.
Qc7 Qb5 35. Qc2 Kg7 36. Qc7 e4 37. Bf1 Qc6 38. Nd2 Qxc7 39. dxc7 Be5 40. Nxe4
Bxc7 41. Nxg5 Bf5 42. Bg2 Kg6 43. Ne4 Kh5 44. Kf1 Bb6 45. Ke2 Be6 46. Kd3 a4
47. Bf3+ Kh4 48. Ke2 axb3 49. axb3 Bxb3 50. Bg4 Bc2 51. Nd2 b3 1-0

[Event "II Open A"]
[Site "Gioiosa Marea ITA"]
[Date "1996.09.??"]
[Round "?"]
[White "Munafo', Pietro"]
[Black "Cappadona, Salvatore"]
[Result "1-0"]
[WhiteElo "1905"]
[BlackElo "1916"]
[PlyCount "107"]
[EventDate "1996.09.01"]

1. d4 Nf6 2. Nf3 g6 3. c4 c5 4. Nc3 cxd4 5. Nxd4 Nc6 6. e4 d6 7. Be2 Bg7 8. Nc2
O-O 9. O-O Bd7 10. Be3 Qc8 11. f3 Ne8 12. Qd2 Nc7 13. Rac1 Na6 14. Rfd1 Be6 15.
b3 Qd8 16. Nd5 Nc5 17. Nd4 Nxd4 18. Bxd4 Bxd5 19. cxd5 Bxd4+ 20. Qxd4 a5 21.
Rc2 Qb6 22. Rc4 Qa7 23. Rc2 Rfb8 24. Bb5 Qb6 25. a4 Qa7 26. Rc3 Rd8 27. Qf2
Rac8 28. Rdc1 Rc7 29. Kf1 Rdc8 30. Kg1 Qb8 31. Qb2 Qa7 32. Qf2 Qb8 33. Qb2 Qa7
34. Kf1 Na6 35. Rxc7 Rxc7 36. Rxc7 Nxc7 37. Qf2 Nxb5 38. axb5 Qxf2+ 39. Kxf2
Kf8 40. Ke3 b6 41. f4 Ke8 42. g4 e6 43. Kd4 h6 44. e5 Kd7 45. Ke4 Ke7 46. h4
Kd7 47. f5 gxf5+ 48. gxf5 exf5+ 49. Kxf5 Ke7 50. h5 Kd7 51. Kf6 dxe5 52. Kxe5
Ke7 53. d6+ Kd7 54. Kf6 1-0

[Event "II Open A"]
[Site "Gioiosa Marea ITA"]
[Date "1996.09.??"]
[Round "?"]
[White "Munafo', Pietro"]
[Black "Martorelli, Antonio"]
[Result "0-1"]
[WhiteElo "1905"]
[BlackElo "2325"]
[PlyCount "60"]
[EventDate "1996.09.01"]

1. d4 d5 2. Nf3 Nf6 3. Bf4 c5 4. c3 Qb6 5. Qb3 c4 6. Qxb6 axb6 7. e3 e6 8. Be2
b5 9. O-O Nc6 10. Nbd2 b4 11. Ne5 Be7 12. e4 O-O 13. exd5 Nxd5 14. Bg3 Nxe5 15.
dxe5 bxc3 16. bxc3 b5 17. Bf3 Ra3 18. Nb1 Ra5 19. Rd1 Rd8 20. h4 Bb7 21. Rd2
Rda8 22. Bd1 Bc6 23. Re2 Bc5 24. h5 g6 25. hxg6 hxg6 26. Kh2 Kg7 27. Bh4 Be7
28. Bxe7 Nxe7 29. Rd2 g5 30. Bg4 Ng6 0-1

[Event "II Open A"]
[Site "Gioiosa Marea ITA"]
[Date "1996.09.??"]
[Round "?"]
[White "Napoli Costa, Aurelio"]
[Black "Alfarone, Giovanni"]
[Result "1-0"]
[WhiteElo "2043"]
[BlackElo "1942"]
[PlyCount "103"]
[EventDate "1996.09.01"]

1. e4 d6 2. d4 Nf6 3. Nc3 c6 4. Nf3 Bg4 5. Be2 e6 6. O-O Be7 7. Be3 O-O 8. h3
Bh5 9. Nh2 Bg6 10. Bd3 e5 11. f4 exf4 12. Bxf4 Nh5 13. Be3 Nd7 14. Qd2 Re8 15.
g4 Nhf6 16. Rae1 b5 17. Qg2 b4 18. Ne2 d5 19. e5 Ne4 20. Nf3 Nf8 21. Nf4 Rb8
22. Nxg6 Nxg6 23. Bxe4 dxe4 24. Nd2 Bh4 25. Re2 f6 26. Qxe4 fxe5 27. dxe5 Rxe5
28. Qc4+ Qd5 29. Qxd5+ cxd5 30. Nf3 Re7 31. Nd4 Rbe8 32. Nf5 Re6 33. c3 bxc3
34. bxc3 Bg5 35. Rfe1 Nh4 36. Kf2 Nxf5 37. Bxg5 Rxe2+ 38. Rxe2 Rxe2+ 39. Kxe2
Nd6 40. Kd3 Ne4 41. Be3 a6 42. c4 Nf6 43. c5 Kf7 44. Kd4 Ke6 45. Bf4 Kd7 46. g5
Nh5 47. Be5 Kc6 48. h4 a5 49. a3 a4 50. Bd6 h6 51. gxh6 Nf6 52. Be5 1-0

[Event "II Open A"]
[Site "Gioiosa Marea ITA"]
[Date "1996.09.??"]
[Round "?"]
[White "Napoli Costa, Aurelio"]
[Black "Barlov, Dragan"]
[Result "0-1"]
[WhiteElo "2043"]
[BlackElo "2455"]
[PlyCount "58"]
[EventDate "1996.09.01"]

1. e4 c5 2. Nf3 e6 3. d4 cxd4 4. Nxd4 a6 5. c4 Nf6 6. Nc3 Qc7 7. Bd3 Nc6 8. Be3
Ne5 9. Qe2 Nfg4 10. Bd2 Bc5 11. Be3 Qd6 12. Rd1 Bxd4 13. Bxd4 Qxd4 14. f4 Nf2
15. fxe5 Nxh1 16. Qf3 Qxe5 17. g3 O-O 18. Qxh1 b5 19. Rd2 bxc4 20. Bxc4 d5 21.
Bd3 Bb7 22. Re2 d4 23. Nd1 Qa5+ 24. Rd2 f5 25. b3 Rac8 26. Ke2 Qe5 27. Nf2 fxe4
28. Bc4 Rxc4 29. Ng4 d3+ 0-1

[Event "II Open A"]
[Site "Gioiosa Marea ITA"]
[Date "1996.09.??"]
[Round "?"]
[White "Napoli Costa, Aurelio"]
[Black "Mazzarone, Maurizio"]
[Result "0-1"]
[WhiteElo "2043"]
[BlackElo "1911"]
[PlyCount "132"]
[EventDate "1996.09.01"]

1. e4 e6 2. d4 d5 3. Nd2 Nf6 4. e5 Nfd7 5. Bd3 c5 6. c3 Nc6 7. Ne2 Qb6 8. Nf3
cxd4 9. cxd4 Bb4+ 10. Bd2 f6 11. exf6 Nxf6 12. O-O Bxd2 13. Qxd2 O-O 14. Rae1
Bd7 15. Nf4 Rae8 16. Ne5 Nxd4 17. Nh5 Re7 18. Nxd7 Nxd7 19. Qg5 Qd6 20. f4 Nf6
21. Ng3 Nc6 22. h4 Qd8 23. Nh5 Qe8 24. Nxf6+ Rxf6 25. h5 e5 26. fxe5 Rxf1+ 27.
Rxf1 Rxe5 28. Qf4 Rxh5 29. Bf5 Rh6 30. Qg5 d4 31. Qg4 Rf6 32. Be4 Rxf1+ 33.
Kxf1 Ne5 34. Qf5 Qf7 35. Qxf7+ Kxf7 36. Bxb7 Ke6 37. Be4 h6 38. Ke2 Nd7 39. b3
Ke5 40. Bd3 Nc5 41. Bg6 a5 42. Kf3 Ne6 43. g3 Kf6 44. Bc2 Ke5 45. Bg6 Nc5 46.
Ke2 Ne4 47. Kf3 Nc3 48. a3 Kd5 49. Kf4 Nb5 50. a4 Nc3 51. Bf7+ Kc5 52. Bg6 Ne2+
53. Kf3 Nc1 54. Bf7 Kb4 55. Ke4 Nxb3 56. Be8 Kc3 57. Bb5 d3 58. Be8 d2 59. Bh5
Nc5+ 60. Kf5 Kc2 61. Kg6 Ne4 62. Kxg7 Nxg3 63. Bf3 h5 64. Kg6 d1=Q 65. Bxd1+
Kxd1 66. Kg5 Kc2 0-1

[Event "II Open A"]
[Site "Gioiosa Marea ITA"]
[Date "1996.09.??"]
[Round "?"]
[White "Napoli Costa, Aurelio"]
[Black "Scattareggia, Domenico"]
[Result "0-1"]
[WhiteElo "2043"]
[BlackElo "1911"]
[PlyCount "70"]
[EventDate "1996.09.01"]

1. e4 c5 2. Nf3 d6 3. d4 cxd4 4. Nxd4 Nf6 5. Nc3 a6 6. Bg5 e6 7. f4 Be7 8. Qf3
h6 9. Bh4 Nbd7 10. O-O-O Qc7 11. Be2 b5 12. e5 Bb7 13. exf6 Bxf3 14. Bxf3 d5
15. Nxe6 fxe6 16. Bh5+ Kd8 17. fxe7+ Kc8 18. Rhf1 Kb7 19. f5 Nf6 20. Bxf6 gxf6
21. fxe6 Qxe7 22. Nxd5 Qxe6 23. Rfe1 Qf5 24. Re7+ Kb8 25. Ne3 Qxh5 26. Rdd7 Qc5
27. b4 Qc6 28. Nd5 Rc8 29. c3 Ra7 30. Rxa7 Qxd5 31. Rad7 Qc6 32. Kb1 Qxg2 33.
Rg7 Qc6 34. Ra7 Re8 35. Rad7 f5 0-1

[Event "II Open A"]
[Site "Gioiosa Marea ITA"]
[Date "1996.09.??"]
[Round "?"]
[White "Natoli, Domenico"]
[Black "De Santis, Alessio"]
[Result "0-1"]
[WhiteElo "1761"]
[BlackElo "2320"]
[PlyCount "88"]
[EventDate "1996.09.01"]

1. d4 Nf6 2. c4 g6 3. Nc3 Bg7 4. e4 O-O 5. f4 d6 6. Nf3 c5 7. dxc5 dxc5 8. Qxd8
Rxd8 9. e5 Ne8 10. Be3 b6 11. Be2 Nc6 12. O-O f6 13. exf6 Bxf6 14. Rad1 Bf5 15.
Bf2 Nd6 16. Rfe1 Nb4 17. Nh4 Bxc3 18. bxc3 Nxa2 19. Bf3 Nxc3 20. Rxd6 exd6 21.
Bxa8 Rxa8 22. Nxf5 gxf5 23. Bh4 Ne4 24. Re2 h5 25. h3 Kf7 26. Kf1 Re8 27. Ra2
a6 28. Be1 b5 29. cxb5 axb5 30. Ra7+ Re7 31. Ra8 b4 32. Rb8 d5 33. Rd8 d4 34.
Ke2 Nc3+ 35. Kf1 b3 36. Rb8 c4 37. Bd2 Ke6 38. Bc1 Kd5 39. Rc8 Re2 40. Rb8 Rc2
41. Ba3 Ra2 42. Bb4 b2 43. Bxc3 dxc3 44. Ke1 c2 0-1

[Event "II Open A"]
[Site "Gioiosa Marea ITA"]
[Date "1996.09.??"]
[Round "?"]
[White "Natoli, Domenico"]
[Black "Militello, Vincenzo"]
[Result "1-0"]
[WhiteElo "1761"]
[BlackElo "1815"]
[PlyCount "49"]
[EventDate "1996.09.01"]

1. d4 d6 2. c4 e5 3. d5 f5 4. Nc3 Be7 5. e4 Nf6 6. Bd3 f4 7. Nf3 Bg4 8. h3 Bh5
9. Qa4+ Nbd7 10. Ng5 Nxd5 11. Ne6 N5b6 12. Qc2 Qc8 13. Nxg7+ Kf7 14. Nxh5 Kg6
15. Qe2 Nc5 16. Bc2 Rf8 17. Nd5 Bg5 18. h4 Bd8 19. Bd2 Nxc4 20. Nhxf4+ exf4 21.
e5+ Kg7 22. Qxc4 b5 23. Qe2 c6 24. Qh5 h6 25. Qg6+ 1-0

[Event "II Open A"]
[Site "Gioiosa Marea ITA"]
[Date "1996.09.??"]
[Round "?"]
[White "Natoli, Domenico"]
[Black "Scattareggia, Domenico"]
[Result "1-0"]
[WhiteElo "1761"]
[BlackElo "1911"]
[PlyCount "79"]
[EventDate "1996.09.01"]

1. d4 d5 2. c4 e6 3. Nc3 Nf6 4. Bg5 Be7 5. e3 O-O 6. Nf3 Nbd7 7. Qc2 h6 8. h4
b6 9. O-O-O Ba6 10. Bxf6 Nxf6 11. Ne5 Bb7 12. g4 dxc4 13. Rg1 Nd5 14. g5 hxg5
15. hxg5 Bxg5 16. Rh1 f5 17. Bxc4 Rf6 18. Rh3 Rh6 19. Rxh6 Bxh6 20. Rg1 c5 21.
dxc5 bxc5 22. Rg6 Bc8 23. Qd3 Qc7 24. Bxd5 exd5 25. Qxd5+ Kh7 26. Rxh6+ gxh6
27. Qxa8 Bb7 28. Qe8 Qg7 29. Qf7 Qxf7 30. Nxf7 Kg6 31. Ne5+ Kg5 32. Kd1 h5 33.
Ke1 h4 34. Kf1 f4 35. e4 a5 36. f3 h3 37. Kg1 Kf6 38. Nd3 Kg5 39. Kh2 c4 40.
Ne5 1-0

[Event "II Open A"]
[Site "Gioiosa Marea ITA"]
[Date "1996.09.??"]
[Round "?"]
[White "Naumkin, Igor"]
[Black "Aleksic, Nenad"]
[Result "1/2-1/2"]
[WhiteElo "2430"]
[BlackElo "2425"]
[PlyCount "29"]
[EventDate "1996.09.01"]

1. d4 e6 2. c4 Nf6 3. Nf3 b6 4. g3 Bb7 5. Bg2 g6 6. O-O Bg7 7. Nc3 Ne4 8. Nxe4
Bxe4 9. Bg5 Qc8 10. Qd2 h6 11. Bf4 d6 12. Rac1 Nd7 13. Rfd1 g5 14. Be3 Nf6 15.
Ne1 1/2-1/2

[Event "II Open A"]
[Site "Gioiosa Marea ITA"]
[Date "1996.09.??"]
[Round "?"]
[White "Naumkin, Igor"]
[Black "Bonanzinga, Corrado"]
[Result "1-0"]
[WhiteElo "2430"]
[BlackElo "2007"]
[PlyCount "68"]
[EventDate "1996.09.01"]

1. d4 Nf6 2. c4 g6 3. Nc3 Bg7 4. e4 d6 5. Nf3 O-O 6. Be2 e5 7. d5 a5 8. Bg5 h6
9. Bh4 Na6 10. Nd2 Qe8 11. O-O Bd7 12. b3 Nh7 13. a3 f5 14. exf5 gxf5 15. Bh5
Qc8 16. Be7 Re8 17. Bxe8 Qxe8 18. Bh4 e4 19. Rc1 Qg6 20. Ne2 Be5 21. Bg3 Nc5
22. f3 Ng5 23. fxe4 f4 24. Nxf4 Bxf4 25. Bxf4 Nh3+ 26. Kh1 Nxf4 27. Rxf4 Nd3
28. Rf1 Bg4 29. Nf3 Nxc1 30. Qxc1 Re8 31. Nd2 Re5 32. Qe1 Kh7 33. Qf2 Re7 34.
h3 Bc8 1-0